| 000 | 00624cam a2200217 4500500 | ||
|---|---|---|---|
| 005 | 20260329004827.0 | ||
| 041 | _afre | ||
| 042 | _adc | ||
| 100 | 1 | 0 |
_aPortevin, Catherine _eauthor |
| 245 | 0 | 0 | _aVertige de la dépendance |
| 260 | _c2021. | ||
| 500 | _a64 | ||
| 690 | _aAlcoolisme | ||
| 690 | _aBonheur | ||
| 690 | _aDépendance | ||
| 690 | _aDrogue | ||
| 690 | _aIndividu | ||
| 690 | _aNathalie Sarthou-Lajus | ||
| 786 | 0 | _nPhilosophie magazine | 149 | 5 | 2021-05-01 | p. 85-86 | 1951-1787 | |
| 856 | 4 | 1 | _uhttps://shs.cairn.info/magazine-philosophie-magazine-2021-5-page-85?lang=fr&redirect-ssocas=7080 |
| 999 |
_c1837688 _d1837688 |
||